[Event "Gorges - Open A"]
[Site "?"]
[Date "2017.07.09"]
[Round "4"]
[White "GRIMAULT, Nathan"]
[Black "DELAFENETRE, Alexandre"]
[Result "1/2-1/2"]
[WhiteElo "2055"]
[BlackElo "1666"]
[PlyCount "128"]

1. d4 Nf6 2. c4 g6 3. Nc3 Bg7 4. e4 d6 5. f3 O-O 6. Be3 e5 7. Nge2 Nc6 8. Qd2
Ne8 9. dxe5 Nxe5 10. Nd4 Be6 11. Nxe6 fxe6 12. Be2 Qh4+ 13. Bf2 Qe7 14. O-O Nf6
15. Bd4 Nh5 16. Be3 Nf6 17. Rad1 Rad8 18. Bd4 Nh5 19. f4 Qh4 20. Bxh5 Qxh5 21.
Bxe5 dxe5 22. Qxd8 Rxd8 23. Rxd8+ Kf7 24. Rd7+ Kg8 25. Rxc7 h6 26. f5 gxf5 27.
exf5 exf5 28. Nd5 e4 29. Ne7+ Kh8 30. Nxf5 Be5 31. Rc8+ Kh7 32. h3 Qe2 33. Re8
Bh2+ 34. Kxh2 Qxf1 35. Ng3 Qxc4 36. Rxe4 Qxa2 37. Re7+ Kg6 38. Rxb7 Qa6 39. Rb3
Qc4 40. Ra3 Qd4 41. Ra6+ Kf7 42. Rxh6 Qxb2 43. Rh7+ Kg6 44. Rxa7 Qe5 45. Ra6+
Kg7 46. h4 Qb5 47. Re6 Qd5 48. Re1 Qa5 49. Rf1 Qa4 50. Kh3 Qc4 51. Rf3 Kh7 52.
Nf5 Qe4 53. Rf2 Kg6 54. g4 Qh1+ 55. Rh2 Qf1+ 56. Rg2 Qh1+ 57. Kg3 Qe1+ 58. Kh2
Qe5+ 59. Kh3 Qe1 60. Ng3 Qe3 61. Re2 Qb3 62. h5+ Kh6 63. Kh4 Qf3 64. Re7 Qh1+
1/2-1/2

[Event "Gorges - Open A"]
[Site "?"]
[Date "2017.07.09"]
[Round "4"]
[White "MIRAOUI, Karim"]
[Black "BOURDEAUX, Gabin"]
[Result "0-1"]
[WhiteElo "1968"]
[BlackElo "1868"]
[PlyCount "66"]

1. b3 c5 2. Bb2 Nc6 3. f4 Qc7 4. Nf3 Nf6 5. g3 g6 6. Bg2 Bg7 7. O-O O-O 8. c4
e6 9. Na3 d5 10. cxd5 exd5 11. h3 Qb6 12. Kh2 Ng4+ 13. hxg4 Bxb2 14. Nc2 Bxa1
15. Qxa1 Bxg4 16. Ne3 Bxf3 17. Bxf3 Qb4 18. Nxd5 Qd4 19. Nf6+ Kg7 20. Nd7 Qxa1
21. Rxa1 Rfd8 22. Nxc5 Rxd2 23. Nxb7 Nd4 24. Kh3 Nxf3 25. exf3 Rf2 26. Nd6 Rd8
27. Nc4 Rxf3 28. Kg2 Rdd3 29. Ne5 Rxg3+ 30. Kf2 Rc3 31. Rd1 Rh3 32. Rd7 Rh2+
33. Kg1 Rxa2 0-1

[Event "Gorges - Open A"]
[Site "?"]
[Date "2017.07.09"]
[Round "4"]
[White "LE PEN, Steven"]
[Black "CHABRADZE, Boris"]
[Result "1-0"]
[WhiteElo "2063"]
[BlackElo "2150"]
[PlyCount "95"]

1. e4 c5 2. Nf3 d6 3. d4 cxd4 4. Nxd4 Nf6 5. Nc3 a6 6. Be3 e5 7. Nb3 Be6 8. f3
Nbd7 9. Qd2 Be7 10. O-O-O b5 11. Qf2 Rb8 12. g4 Nb6 13. Na5 Qc7 14. g5 Nh5 15.
Kb1 Na4 16. Nxa4 bxa4 17. Ba7 O-O 18. Bxb8 Rxb8 19. Qd2 Bd8 20. Qxd6 Qxd6 21.
Rxd6 Bxa5 22. Rxa6 Bc3 23. b3 axb3 24. cxb3 Nf4 25. Bb5 g6 26. Rc1 Bd4 27. Bc4
Bh3 28. Bd5 Bg2 29. Ra8 Rxa8 30. Bxa8 Bxf3 31. b4 Ne2 32. Rc8+ Kg7 33. Kc2 Bg1
34. a4 Nd4+ 35. Kc3 Ne6 36. b5 Bd4+ 37. Kb4 h6 38. gxh6+ Kxh6 39. a5 Nf4 40. b6
Nd3+ 41. Kb5 f5 42. b7 Ba7 43. Ka6 Bd4 44. b8=Q Be2 45. Rh8+ Kg5 46. Qd8+ Kf4
47. Qh4+ Kf3 48. exf5+ 1-0

[Event "Gorges - Open A"]
[Site "?"]
[Date "2017.07.09"]
[Round "4"]
[White "ENGLISCH, Colya"]
[Black "HENRY, Florent"]
[Result "1-0"]
[WhiteElo "1995"]
[BlackElo "1931"]
[PlyCount "131"]

1. d4 Nf6 2. Nf3 c5 3. g3 e6 4. Bg2 Nc6 5. O-O Be7 6. c4 cxd4 7. Nxd4 O-O 8.
Nc3 d5 9. cxd5 Nxd5 10. Nxd5 exd5 11. Bf4 Qb6 12. Nxc6 bxc6 13. Qc2 Bf6 14.
Rac1 Bb7 15. Rfd1 Rfe8 16. b3 Be5 17. Bxe5 Rxe5 18. e3 Rd8 19. Qc5 f6 20. Rd4
Ba8 21. Rb4 Qxc5 22. Rxc5 d4 23. Rxd4 Rxd4 24. exd4 Re1+ 25. Bf1 Rd1 26. d5 Bb7
27. dxc6 Ba6 28. c7 Bc8 29. Rc2 Kf7 30. Kg2 Ke7 31. Be2 Rd6 32. Bb5 Rb6 33. Bd3
g6 34. f3 Kd6 35. Kf2 Rc6 36. Rxc6+ Kxc6 37. Ke3 Kxc7 38. Kd4 Kd6 39. f4 Be6
40. Bc4 Bf5 41. b4 Bd7 42. Bb3 Bc6 43. a4 g5 44. fxg5 fxg5 45. b5 Bd7 46. Bc4
h5 47. h4 gxh4 48. gxh4 Be8 49. Bd5 Bd7 50. Bf3 Be8 51. Ke3 Kc5 52. Kf4 Kb4 53.
Bd1 Bf7 54. Kg5 Ka5 55. Bxh5 Bb3 56. Be2 Bxa4 57. h5 Kb4 58. h6 Bc2 59. Kf6 Kc3
60. Kg7 Kd2 61. Bf1 Ke1 62. Bc4 Be4 63. Bf7 Bd3 64. Bg6 Bxb5 65. h7 Bc4 66.
h8=Q 1-0

[Event "Gorges - Open A"]
[Site "?"]
[Date "2017.07.09"]
[Round "4"]
[White "BLANLOEIL, Christophe"]
[Black "MUNKHBAYAR, Jannjaadorj"]
[Result "0-1"]
[WhiteElo "1722"]
[BlackElo "1993"]
[PlyCount "86"]

1. e4 c5 2. Nf3 Nc6 3. d4 cxd4 4. Nxd4 Nf6 5. Nc3 e5 6. Nf3 Bb4 7. Bg5 Bxc3+ 8.
bxc3 Qa5 9. Bxf6 Qxc3+ 10. Nd2 gxf6 11. Bc4 Nd4 12. O-O Rg8 13. Qh5 Ne6 14.
Qxh7 Rg6 15. Qh8+ Ke7 16. Rad1 b6 17. Qh4 Bb7 18. Bxe6 dxe6 19. f4 Rag8 20. Rf2
Qxc2 21. Re1 Rg4 22. Qh3 Qc5 23. Qe3 Qxe3 24. Rxe3 exf4 25. Rc3 Rc8 26. Rxc8
Bxc8 27. Rf3 e5 28. Rc3 Kd8 29. Rc6 Be6 30. Kf2 Kd7 31. Rc3 f5 32. Rd3+ Ke7 33.
Ra3 a5 34. Rc3 fxe4 35. Nxe4 Bd5 36. h3 Rg8 37. Nd2 Rxg2+ 38. Ke1 e4 39. Nxe4
Bxe4 40. Rc7+ Ke6 41. h4 Rxa2 42. Rc8 f3 43. h5 f2+ 0-1

[Event "Gorges - Open A"]
[Site "?"]
[Date "2017.07.09"]
[Round "4"]
[White "BANANA, Adnane"]
[Black "GILLES, François"]
[Result "1-0"]
[WhiteElo "1866"]
[BlackElo "1592"]
[PlyCount "81"]

1. Nf3 d5 2. g3 Nf6 3. Bg2 e6 4. O-O c5 5. c4 dxc4 6. Ne5 Be7 7. Nc3 O-O 8.
Nxc4 Nd5 9. Qb3 Nc6 10. Ne3 Nxc3 11. bxc3 Qc7 12. a4 Rb8 13. Nc4 b6 14. d3 Bf6
15. Rb1 Bb7 16. Bf4 e5 17. Bd2 Qe7 18. Bd5 Rbd8 19. e4 Qc7 20. a5 Nxa5 21. Nxa5
Bxd5 22. exd5 bxa5 23. c4 Rb8 24. Qa3 Bd8 25. Rxb8 Qxb8 26. Bxa5 Bxa5 27. Qxa5
Qb6 28. Ra1 Qb3 29. Qxa7 Qxd3 30. Qxc5 f5 31. Qe3 Qxc4 32. Qxe5 Qb5 33. Qe6+
Kh8 34. Qxf5 Qc5 35. Qe4 Qxf2+ 36. Kh1 h6 37. d6 Qd2 38. Qc6 Rf2 39. Ra8+ Kh7
40. Qe4+ g6 41. Qe7+ 1-0

[Event "Gorges - Open A"]
[Site "?"]
[Date "2017.07.09"]
[Round "4"]
[White "ALASHTAR, Aasef"]
[Black "CAMUS, Harold"]
[Result "0-1"]
[WhiteElo "1931"]
[BlackElo "1680"]
[PlyCount "76"]

1. a3 d5 2. b4 b6 3. Bb2 Bb7 4. e3 e6 5. d4 Nf6 6. Nf3 Bd6 7. Bd3 Nbd7 8. O-O
O-O 9. c4 c5 10. cxd5 exd5 11. Be2 Re8 12. h3 cxb4 13. axb4 Bxb4 14. Bb5 Bd6
15. Bxd7 Qxd7 16. Ba3 Ne4 17. Bxd6 Qxd6 18. Nbd2 a5 19. Nxe4 dxe4 20. Nh4 Ba6
21. Qc2 Rac8 22. Qb2 Bxf1 23. Rxf1 g6 24. Rc1 Rxc1+ 25. Qxc1 Qe7 26. Qc6 Qe6
27. Qxe6 Rxe6 28. f3 f5 29. fxe4 Rxe4 30. Nf3 Rxe3 31. Kf2 Rxf3+ 32. Kxf3 a4
33. d5 Kf7 34. Kf4 a3 35. Ke5 a2 36. d6 Ke8 37. Ke6 a1=Q 38. d7+ Kd8 0-1

[Event "Gorges - Open A"]
[Site "?"]
[Date "2017.07.09"]
[Round "5"]
[White "EUGENE, Floryan"]
[Black "BOURDEAUX, Gabin"]
[Result "1-0"]
[WhiteElo "2193"]
[BlackElo "1868"]
[PlyCount "59"]

1. e4 c5 2. Nf3 e6 3. d4 cxd4 4. Nxd4 Nc6 5. Be3 Qc7 6. Nc3 Nf6 7. Qf3 a6 8.
O-O-O Bb4 9. Nxc6 Qxc6 10. Bd4 Bxc3 11. Bxc3 Qxe4 12. Qxe4 Nxe4 13. Bxg7 Rg8
14. Bd4 d5 15. f3 Nd6 16. g4 f5 17. Bd3 Bd7 18. Bc5 Nf7 19. gxf5 Ne5 20. Be2
exf5 21. Rxd5 Ng6 22. Bc4 O-O-O 23. Bb6 Nf4 24. Rc5+ Bc6 25. Bxd8 Rxd8 26. Rxf5
Bxf3 27. Re1 Ng2 28. Rf1 Ne3 29. R5xf3 Nxc4 30. Rc3 1-0

[Event "Gorges - Open A"]
[Site "?"]
[Date "2017.07.09"]
[Round "5"]
[White "CLERAN, Anthony"]
[Black "CROUAN, Stéphane"]
[Result "1/2-1/2"]
[WhiteElo "2172"]
[BlackElo "1875"]
[PlyCount "34"]

1. e4 d6 2. d4 g6 3. f4 Bg7 4. Nf3 c6 5. c4 a6 6. a4 a5 7. Nc3 Na6 8. Be2 Nh6
9. h3 f6 10. Be3 Nf7 11. Qd2 O-O 12. O-O e6 13. Rad1 Qe7 14. Qe1 f5 15. Bf2 Re8
16. Bh4 Qf8 17. g4 c5 1/2-1/2

[Event "Gorges - Open A"]
[Site "?"]
[Date "2017.07.09"]
[Round "5"]
[White "DELAFENETRE, Alexandre"]
[Black "LE PEN, Steven"]
[Result "0-1"]
[WhiteElo "1666"]
[BlackElo "2063"]
[PlyCount "103"]

1. d4 Nf6 2. c4 c5 3. d5 d6 4. Nc3 g6 5. e4 Bg7 6. Bd3 O-O 7. Nge2 e5 8. O-O
Ne8 9. f4 f5 10. Qc2 Na6 11. a3 exf4 12. Bxf4 g5 13. Bd2 f4 14. e5 dxe5 15.
Bxh7+ Kh8 16. Rad1 Nd6 17. Ne4 Nf5 18. Bxf5 Bxf5 19. N2c3 Qb6 20. Qa4 Qg6 21.
Rde1 Rac8 22. Qb5 Rf7 23. d6 Bf8 24. Nxg5 Qxg5 25. Rxe5 Bxd6 26. Ne4 Qg6 27.
Nxd6 Qxd6 28. Bc3 Kg8 29. Rxf4 Rcf8 30. b4 Nc7 31. Qxc5 Qxc5+ 32. bxc5 Bg6 33.
Rxf7 Rxf7 34. Rg5 Kh7 35. h4 Ne6 36. Re5 Bf5 37. Kh2 Kg6 38. a4 Nf4 39. Re8 Bd7
40. Rg8+ Kh5 41. g3 Ne2 42. Rh8+ Kg4 43. Rg8+ Kh5 44. Rh8+ Kg6 45. Rg8+ Kf5 46.
Rg5+ Ke4 47. Re5+ Kd3 48. Be1 Bg4 49. Rg5 Be6 50. h5 Bxc4 51. h6 Nd4 52. g4 0-1

[Event "Gorges - Open A"]
[Site "?"]
[Date "2017.07.09"]
[Round "5"]
[White "ENGLISCH, Colya"]
[Black "GRIMAULT, Nathan"]
[Result "0-1"]
[WhiteElo "1995"]
[BlackElo "2055"]
[PlyCount "118"]

1. d4 Nf6 2. Nf3 g6 3. g3 Bg7 4. Bg2 O-O 5. O-O d6 6. c4 Nbd7 7. Nc3 c6 8. b3
Qa5 9. Bb2 b5 10. cxb5 cxb5 11. Ne5 b4 12. Nc6 Qa6 13. Nxb4 Qb6 14. Nbd5 Nxd5
15. Nxd5 Qd8 16. Nxe7+ Qxe7 17. Bxa8 Ba6 18. Bf3 Nf6 19. d5 Re8 20. Re1 Nd7 21.
Bxg7 Kxg7 22. Qd4+ Ne5 23. Bg2 f6 24. e4 g5 25. Rec1 g4 26. Rc3 Qf7 27. Rac1
Re7 28. f4 gxf3 29. Bxf3 Qg6 30. Bg2 Qh6 31. Rc7 Kf8 32. Qxa7 Qxc1+ 33. Rxc1
Rxa7 34. a4 Rb7 35. Rc3 Kf7 36. Bf1 Bxf1 37. Kxf1 Nd7 38. Rc6 Ke7 39. a5 Rxb3
40. Kg2 Ra3 41. a6 h5 42. Kh3 Ra2 43. a7 Rxa7 44. Kh4 Ra2 45. h3 Ra3 46. Rc8
Re3 47. Rh8 Rxe4+ 48. Kxh5 Re5+ 49. Kg4 Rxd5 50. Rh7+ Ke6 51. h4 Ne5+ 52. Kh3
Nf7 53. Kg4 Rd3 54. Rg7 f5+ 55. Kh5 Ne5 56. Kh6 Ng4+ 57. Kh7 Rxg3 58. h5 Nf6+
59. Kh6 Rxg7 0-1

[Event "Gorges - Open A"]
[Site "?"]
[Date "2017.07.09"]
[Round "5"]
[White "MIRAOUI, Karim"]
[Black "FLACHET, Thierry"]
[Result "1/2-1/2"]
[WhiteElo "1968"]
[BlackElo "2128"]
[PlyCount "83"]

1. b3 d5 2. Bb2 Bf5 3. e3 e6 4. f4 Nf6 5. Nf3 Nbd7 6. Be2 h6 7. O-O Bd6 8. Ne5
Qe7 9. a4 O-O-O 10. d4 Ne4 11. Nd2 f6 12. Nxd7 Qxd7 13. c4 c6 14. Bf3 Kb8 15.
Bxe4 Bxe4 16. Nxe4 dxe4 17. Qc2 f5 18. Rfd1 Rhg8 19. d5 exd5 20. cxd5 c5 21.
Be5 Ka8 22. Rac1 Rc8 23. Bxd6 Qxd6 24. b4 b6 25. b5 g5 26. a5 Kb7 27. axb6 axb6
28. Ra1 Ra8 29. Rxa8 Rxa8 30. Qb2 gxf4 31. Qg7+ Qc7 32. Qxh6 fxe3 33. Qxe3 Qd7
34. Qg5 Re8 35. d6 e3 36. Qg3 e2 37. Rb1 e1=Q+ 38. Rxe1 Rxe1+ 39. Qxe1 Qxd6 40.
Qe8 f4 41. Qf7+ Kc8 42. Qe8+ 1/2-1/2

[Event "Gorges - Open A"]
[Site "?"]
[Date "2017.07.09"]
[Round "5"]
[White "MUNKHBAYAR, Janjaadorj"]
[Black "BANANA, Adnane"]
[Result "1-0"]
[WhiteElo "1993"]
[BlackElo "1866"]
[PlyCount "83"]

1. d4 Nf6 2. c4 e6 3. Nc3 Bb4 4. Qc2 d5 5. cxd5 exd5 6. Bg5 O-O 7. e3 c6 8. Bd3
h6 9. Bh4 Re8 10. Nge2 Nbd7 11. O-O Nf8 12. a3 Be7 13. b4 a6 14. Bxf6 Bxf6 15.
a4 Bd7 16. b5 axb5 17. axb5 Qb6 18. Na4 Qd8 19. Nc5 cxb5 20. Rxa8 Qxa8 21. Nxd7
Nxd7 22. Bxb5 Rc8 23. Qb3 Nb6 24. Nf4 Rd8 25. Rc1 Be7 26. g3 Bd6 27. Ne2 Rc8
28. Rb1 Nc4 29. Qd3 Qa5 30. Qf5 Nb6 31. Bd3 g6 32. Qf6 Bb4 33. Bxg6 fxg6 34.
Qxg6+ Kh8 35. Qxh6+ Kg8 36. Nf4 Rc6 37. Ne6 Rxe6 38. Qxe6+ Kg7 39. g4 Nc4 40.
g5 Qd8 41. Qh6+ Kg8 42. g6 1-0

[Event "Gorges - Open A"]
[Site "?"]
[Date "2017.07.09"]
[Round "5"]
[White "CHABRADZE, Boris"]
[Black "CAMUS, Harold"]
[Result "1-0"]
[WhiteElo "2150"]
[BlackElo "1680"]
[PlyCount "51"]

1. e4 e5 2. Nf3 Nc6 3. Nc3 Nf6 4. d4 exd4 5. Nd5 d6 6. Nxd4 Nxd4 7. Qxd4 h6 8.
Bf4 c6 9. Nxf6+ Qxf6 10. Qxf6 gxf6 11. O-O-O Kd7 12. c4 c5 13. b4 b6 14. bxc5
bxc5 15. g3 Ba6 16. Kc2 Rb8 17. Bd3 Kc6 18. Rb1 Bg7 19. Kd2 Rb4 20. Rxb4 cxb4
21. Rb1 Rb8 22. Be3 Rb7 23. e5 d5 24. cxd5+ Kxd5 25. Bxa6 Rb6 26. Bxb6 1-0

[Event "Gorges - Open A"]
[Site "?"]
[Date "2017.07.09"]
[Round "5"]
[White "HENRY, Florent"]
[Black "ALASHTAR, Aasef"]
[Result "1-0"]
[WhiteElo "1931"]
[BlackElo "1931"]
[PlyCount "57"]

1. e4 a6 2. d4 b6 3. Nc3 c6 4. Nf3 d6 5. Bc4 e6 6. O-O Bb7 7. a4 d5 8. exd5
cxd5 9. Bd3 Nf6 10. Re1 Qc7 11. Ne5 Bd6 12. Bg5 Nc6 13. Bxf6 gxf6 14. Nxd5 exd5
15. Ng6+ Ne7 16. Nxh8 O-O-O 17. Nxf7 Bxh2+ 18. Kh1 Rg8 19. Qe2 Ng6 20. Qg4+ Kb8
21. Nh6 Bc8 22. Bf5 Bxf5 23. Qxf5 Rd8 24. Ra3 Ne7 25. Qxf6 Rd6 26. Qf8+ Nc8 27.
Rc3 Rxh6 28. Qxh6 Qf4 29. Qxh2 1-0